[Event "It (open)"]
[Site "masterchessopen.com Liberec (Czech Republic)"]
[Round "6"]
[White "Braun Marek (CZE)"]
[Black "Vaclavicek Lukas (CZE)"]
[Result "1-0"]
[WhiteElo "2153"]
[BlackElo "1657"]

1.d4 d5 2.c4 dxc4 3.Nf3 Nf6 4.e3 e6 5.Bxc4 c5 6.O-O a6 7.a3 b5 8.Bd3 Bb7
9.dxc5 Bxc5 10.Qe2 O-O 11.Rd1 Qb6 12.b4 Be7 13.e4 Nbd7 14.Nc3 Rac8 15.Be3 Qc7
16.Rac1 Qb8 17.Bb1 Rfd8 18.h3 Qa8 19.Bg5 Nb6 20.Nd2 Nc4 21.Nxc4 Rxc4 22.e5
Rxd1+ 23.Qxd1 Bd5 24.Nxd5 Rxc1 25.Nxe7+ Kf8 26.Qxc1 {#r} 1-0

[Event "It (open)"]
[Site "masterchessopen.com Poznan (Poland)"]
[Date "2010.08.01"]
[Round "1"]
[White "Bajerlein Dawid (POL)"]
[Black "Pawlowski Rafal (POL)"]
[Result "1-0"]
[WhiteElo "2023"]
[BlackElo "1462"]

1.d4 d5 2.c4 dxc4 3.Nf3 Nf6 4.e3 e6 5.Bxc4 c5 6.O-O a6 7.a4 Nc6 8.Qe2 cxd4
9.Rd1 Be7 10.exd4 O-O 11.Nc3 Nd5 12.Ne5 Ncb4 13.Qh5 g6 14.Qh3 Bg5 15.Ne4 Bxc1
16.Raxc1 f5 17.Nc3 b6 18.Nxd5 Nxd5 19.Bxd5 Qxd5 20.Rc7 h5 21.Qg3 {#r} 1-0

[Event "Ch World (juniors) (under 20)"]
[Site "masterchessopen.com Chotowa (Poland)"]
[Date "2010.08.05"]
[Round "3"]
[White "Kantans Toms (LAT)"]
[Black "Huschenbeth Niclas (GER)"]
[Result "0-1"]
[WhiteElo "2332"]
[BlackElo "2461"]

1.d4 d5 2.c4 dxc4 3.e3 Nf6 4.Bxc4 e6 5.Nf3 c5 6.O-O a6 7.a4 Nc6 8.Nc3 Be7
9.dxc5 Bxc5 10.Qe2 O-O 11.Rd1 Qe7 12.Nd4 Bd7 13.Nxc6 Bxc6 14.b3 Nd7 15.Qc2 Ne5
16.Ne4 Bb6 17.a5 Qh4 18.axb6 Bxe4 19.Qe2 Bf3 20.Rd4 Qxd4 21.exd4 Bxe2 22.Bxe2
{#R} 0-1

[Event "Memorial E.Geller (open)"]
[Site "masterchessopen.com Odessa (Ukraine)"]
[Date "2010.08.22"]
[Round "2"]
[White "Daryev Sergey (UKR)"]
[Black "Zabgaeva Marina (UKR)"]
[Result "1-0"]
[WhiteElo "2028"]
[BlackElo "1801"]

1.d4 d5 2.c4 dxc4 3.Nf3 Nf6 4.e3 e6 5.Bxc4 c5 6.O-O a6 7.a4 Nc6 8.Nc3 cxd4
9.exd4 Qc7 10.Bg5 Be7 11.Rc1 O-O 12.Qe2 h6 13.Bxf6 Bxf6 14.Ne4 Bxd4 15.Nxd4
Nxd4 16.Nf6+ Kh8 17.Qe4 Nf5 18.Bxe6 Qa5 19.b4 Qb6 20.Qxf5 g6 21.Qf4 Kg7
22.Ne8+ {#r} 1-0

[Event "It (open)"]
[Site "masterchessopen.com Feffernitz (Austria)"]
[Date "2010.08.24"]
[Round "4"]
[White "Nabavi Parwis (SUI)"]
[Black "Piber Vinko (SLO)"]
[Result "1-0"]
[WhiteElo "2203"]
[BlackElo "1862"]

1.d4 d5 2.c4 dxc4 3.Nf3 Nf6 4.e3 e6 5.Bxc4 c5 6.O-O a6 7.dxc5 Qxd1 8.Rxd1 Bxc5
9.Nbd2 b5 10.Be2 O-O 11.Nb3 Be7 12.Na5 Rd8 13.Bd2 Ne4 14.Bb4 Rxd1+ 15.Rxd1 Bf6
16.Bd3 Ng5 17.Nxg5 Bxg5 18.f4 Bf6 19.Bc5 {#r} 1-0

[Event "Ch Finland (team) 2010/11"]
[Site "masterchessopen.com Finland"]
[Date "2010.11.21"]
[Round "5"]
[White "Nyback Tomi (FIN)"]
[Black "Dokutchaev A (RUS)"]
[Result "1-0"]
[WhiteElo "2635"]
[BlackElo "2422"]

1.d4 d5 2.c4 dxc4 3.e3 Nf6 4.Bxc4 e6 5.Nf3 c5 6.O-O a6 7.Bb3 Nc6 8.Nc3 Be7
9.dxc5 Qxd1 10.Rxd1 Bxc5 11.Bd2 Ke7 12.Rac1 Ba7 13.Be1 Rd8 14.Rxd8 Kxd8 15.Na4
Ke7 16.Nc5 Kd6 17.Nd3 Bd7 18.Nfe5 Ke7 19.Nxc6+ Bxc6 20.Ne5 Bd5 21.Bb4+ Ke8
22.Rc7 Bxb3 23.Rxf7 {#r} 1-0

[Event "It (open)"]
[Site "masterchessopen.com Jalgaon (India)"]
[Date "2010.12.01"]
[Round "11"]
[White "Joshi Pankaj (IND)"]
[Black "Godbole Atharva"]
[Result "1-0"]
[WhiteElo "2314"]
[BlackElo "1938"]

1.d4 d5 2.c4 dxc4 3.Nf3 Nf6 4.e3 e6 5.Bxc4 c5 6.O-O a6 7.Bb3 Nc6 8.Nc3 Be7
9.Qe2 cxd4 10.Rd1 O-O 11.exd4 Nb4 12.Ne5 Nbd5 13.Rd3 Re8 {#r} 1-0

[Event "It (open) (under 2300)"]
[Site "masterchessopen.com Benidorm (Spain)"]
[Date "2010.12.10"]
[Round "9"]
[White "Griezne Edvins (LAT)"]
[Black "Arata Roberto (ESP)"]
[Result "1-0"]
[WhiteElo "2012"]
[BlackElo "2237"]

1.d4 d5 2.c4 dxc4 3.Nf3 Nf6 4.e3 e6 5.Bxc4 c5 6.O-O a6 7.a4 Nc6 8.Nc3 Be7
9.Qe2 O-O 10.Rd1 Qc7 11.h3 Na5 12.Ba2 c4 13.Ne5 b5 14.axb5 axb5 15.Nxb5 Qb6
16.Bxc4 Nxc4 17.Rxa8 Nxe5 18.dxe5 Ne4 19.Qc4 Bb7 20.Qc7 Qxc7 21.Rxf8+ Kxf8
22.Nxc7 Bb4 23.f3 Ba5 24.fxe4 {#r} 1-0

[Event "Czech League 2010/11 (1st) East"]
[Site "masterchessopen.com Czech Republic"]
[Date "2011.01.16"]
[Round "6"]
[White "Rubal Adam (CZE)"]
[Black "Studeny Radovan (CZE)"]
[Result "1-0"]
[WhiteElo "2232"]
[BlackElo "2090"]

1.d4 Nf6 2.Nf3 d5 3.c4 dxc4 4.e3 e6 5.Bxc4 c5 6.O-O a6 7.Nc3 Be7 8.a3 O-O
9.dxc5 Bxc5 10.b4 Bd6 11.Bb2 b5 12.Bd3 Bb7 13.Qe2 Nbd7 14.Rfd1 Qb8 15.h3 Rd8
16.Ng5 Ne5 17.Nce4 Nxe4 18.Bxe4 Bxe4 19.Nxe4 Nc4 20.Nf6+ Kh8 21.Qh5 Bh2+
22.Kh1 Rxd1+ 23.Rxd1 h6 24.Nd7 Nxb2 25.Nxb8 Nxd1 26.Kxh2 {#r} 1-0

[Event "Ch Romania (w)"]
[Site "masterchessopen.com Sarata Monteoru (Romania)"]
[Date "2011.02.16"]
[Round "5"]
[White "Dragomirescu Angela (ROM)"]
[Black "Sgircea Silvia-Raluca (ROM)"]
[Result "0-1"]
[WhiteElo "2216"]
[BlackElo "2240"]

1.d4 d5 2.c4 dxc4 3.e3 Nf6 4.Bxc4 e6 5.Nf3 c5 6.O-O a6 7.Bb3 Nbd7 8.e4 Nxe4
9.Re1 Ndf6 10.d5 exd5 11.Ng5 Be7 12.Qe2 O-O 13.Nc3 Nxg5 14.Qxe7 Qxe7 15.Rxe7
Ne6 16.Nxd5 Nxd5 17.Bxd5 Rd8 18.Be3 Rxd5 19.Re8+ Nf8 20.h4 b6 21.Bg5 Bb7
22.Rae1 f6 23.R8e7 Rd7 24.Rxd7 Nxd7 25.Bf4 Kf7 26.Rd1 Bc6 {#R} 0-1

[Event "It (open)"]
[Site "masterchessopen.com Cappelle la Grande (France)"]
[Date "2011.03.01"]
[Round "5"]
[White "Karavade Eesha (IND)"]
[Black "De Andres Gonalons Fernando (ESP)"]
[Result "1-0"]
[WhiteElo "2348"]
[BlackElo "2137"]

1.d4 d5 2.c4 dxc4 3.e3 Nf6 4.Bxc4 e6 5.Nf3 c5 6.O-O a6 7.Bb3 Nc6 8.Nc3 Be7
9.dxc5 Qxd1 10.Rxd1 Bxc5 11.Bd2 Bd7 12.Rac1 Ba7 13.Be1 Ke7 14.Na4 b6 15.Rxd7+
Kxd7 16.Nxb6+ Bxb6 17.Ba4 Rhd8 18.Rxc6 Bc7 19.Ng5 Rf8 20.Bb4 h6 21.Nxe6 fxe6
22.Bxf8 {#r} 1-0

[Event "Memorial I.Bocharov (open)"]
[Site "masterchessopen.com Borisoglebsk (Russia)"]
[Date "2011.04.01"]
[Round "2"]
[White "Peskov Alexsey (UKR)"]
[Black "Gorshnev Alexey (RUS)"]
[Result "1-0"]
[WhiteElo "2396"]
[BlackElo "2094"]

1.d4 d5 2.c4 dxc4 3.Nf3 Nf6 4.e3 e6 5.Bxc4 c5 6.O-O a6 7.a4 Nc6 8.Qe2 cxd4
9.Rd1 Be7 10.exd4 Nb4 11.Ne5 O-O 12.Ra3 b6 13.Rg3 Bb7 14.Bh6 Ne8 15.Qg4 Bf6
16.Nc3 Kh8 17.Bb3 Qe7 18.Bf4 Nd6 19.Rh3 g6 20.Bxe6 Rae8 21.Bxf7 Bc8 22.Rxh7+
Kxh7 23.Qxg6+ Kh8 24.Qh6# 1-0

[Event "Memorial V.Dordzhiev (cat.8)"]
[Site "masterchessopen.com Elista (Russia)"]
[Date "2011.04.28"]
[Round "6"]
[White "Lastin Alexander (RUS)"]
[Black "Yushinov Nikolay (UKR)"]
[Result "1-0"]
[WhiteElo "2538"]
[BlackElo "2150"]

1.d4 d5 2.c4 dxc4 3.Nf3 Nf6 4.e3 e6 5.Bxc4 c5 6.O-O a6 7.Bb3 Nc6 8.Qe2 cxd4
9.Rd1 Be7 10.Nc3 O-O 11.exd4 Na5 12.Bc2 b5 13.Ne4 Nd5 14.Neg5 h6 15.Qd3 f5
16.Nh3 Nb4 17.Qe2 Nxc2 18.Qxc2 Bb7 {#r} 1-0

[Event "Tournament (w)"]
[Site "masterchessopen.com Medellin (Colombia)"]
[Date "2011.05.09"]
[Round "7"]
[White "Zapata Olga Maria (COL)"]
[Black "Loaiza Yurani (COL)"]
[Result "1-0"]
[WhiteElo "1776"]
[BlackElo "1936"]

1.d4 d5 2.c4 dxc4 3.e3 Nf6 4.Bxc4 e6 5.Nf3 c5 6.O-O a6 7.a4 Nc6 8.Nc3 Be7 9.d5
Na5 10.Ba2 Qb6 11.e4 exd5 12.Nxd5 Nxd5 13.Bxd5 O-O 14.Qe2 Nb3 15.Rb1 Bd7
16.Be3 Bxa4 17.Qc4 Qa5 18.Ne5 b5 19.Bxf7+ Kh8 20.Qe6 Qd8 21.Nc6 {#r} 1-0

[Event "Ch Ukraine (1/2 final)"]
[Site "masterchessopen.com Alushta (Ukraine)"]
[Date "2011.05.11"]
[Round "9"]
[White "Odnorozhenko Evgenyi (UKR)"]
[Black "Goroshchenko Dmitry (UKR)"]
[Result "0-1"]
[WhiteElo "2284"]
[BlackElo "2181"]

1.d4 d5 2.c4 dxc4 3.e3 Nf6 4.Bxc4 e6 5.Nf3 c5 6.O-O a6 7.Bb3 Qc7 8.Nc3 Bd6
9.dxc5 Bxc5 10.e4 Nc6 11.Bg5 Ng4 12.Bh4 Bd6 13.Bg3 Bxg3 14.hxg3 O-O 15.Rc1 Qa5
16.Ne2 Qh5 17.Nf4 Qh6 18.Rc5 e5 19.Nh3 Nf6 20.Nxe5 Nxe5 21.Rxe5 Bxh3 22.gxh3
Qxh3 23.Re1 Ng4 24.Rf5 Qh2+ 25.Kf1 Qh1+ {#R} 0-1

[Event "It (open) (b)"]
[Site "masterchessopen.com Krakow (Poland)"]
[Date "2011.08.07"]
[Round "3"]
[White "Hasinski Krystian (POL)"]
[Black "Smirnov Alexandr A (RUS)"]
[Result "1-0"]
[WhiteElo "1978"]
[BlackElo "2160"]

1.d4 d5 2.Nf3 c5 3.e3 Nf6 4.c4 dxc4 5.Bxc4 e6 6.O-O a6 7.a4 Nc6 8.Nc3 cxd4
9.exd4 Be7 10.Be3 Nb4 11.Qb3 Nbd5 12.Bg5 Nxc3 13.bxc3 O-O 14.Rfe1 Rb8 15.Ne5
Qc7 16.h3 Nd5 17.Bxe7 Nxe7 18.Re3 Nc6 19.Bd3 Bd7 20.Rae1 Nxe5 21.Rxe5 g6
22.Rc5 Qd6 {#r} 1-0

[Event "It \"]
[Site "masterchessopen.com New York (USA)"]
[Date "2011.08.18"]
[Round "2"]
[White "Bonin Jay R (USA)"]
[Black "Mercere Edu"]
[Result "1-0"]
[WhiteElo "2325"]
[BlackElo "1839"]

1.d4 Nf6 2.Nf3 d5 3.c4 dxc4 4.e3 e6 5.Bxc4 c5 6.O-O a6 7.a4 Nc6 8.Qe2 cxd4
9.Rd1 Be7 10.exd4 O-O 11.Nc3 Nd5 12.Bd3 Ncb4 13.Bb1 f5 14.Bd2 Qd6 15.Ne5 Bf6
16.Ne4 fxe4 17.Qxe4 Bxe5 18.dxe5 {#r} 1-0

[Event "It (open)"]
[Site "masterchessopen.com Schwarzach (Austria)"]
[Date "2011.08.25"]
[Round "6"]
[White "Bukal Vladimir (CRO)"]
[Black "Prats Rodriquez Juan (ESP)"]
[Result "1-0"]
[WhiteElo "2403"]
[BlackElo "2037"]

1.d4 d5 2.c4 dxc4 3.e3 Nf6 4.Bxc4 e6 5.Nf3 c5 6.O-O a6 7.Bb3 b5 8.e4 cxd4 9.e5
Nfd7 10.a4 b4 11.Nbd2 Bb7 12.Nc4 Nc5 13.Bg5 f6 14.exf6 gxf6 15.Bh4 Nc6 16.Re1
Be7 17.Nfd2 h5 18.a5 Rb8 19.Ne4 Nxe4 20.Rxe4 e5 21.Re1 Kf8 22.Qd3 Qd7 23.Nb6
Qg4 24.f3 Qxh4 25.Qg6 {#r} 1-0

[Event "Ch Europe (juniors) (under 18) (g)"]
[Site "masterchessopen.com Albena (Bulgaria)"]
[Date "2011.09.11"]
[Round "1"]
[White "Pavlidou Ekaterini (GRE)"]
[Black "Nguyen Minh Thuy (GER)"]
[Result "1-0"]
[WhiteElo "2220"]
[BlackElo "1962"]

1.d4 d5 2.c4 dxc4 3.Nf3 Nf6 4.e3 e6 5.Bxc4 c5 6.O-O a6 7.a4 Nc6 8.Qe2 Qc7
9.Nc3 cxd4 10.exd4 Na5 11.Ba2 Be7 12.Re1 O-O 13.Bg5 Nc6 14.Rac1 Qa5 15.Rcd1
Rb8 16.Bb1 h6 17.Bf4 Ra8 18.Ne5 Nb4 19.Qd2 Nh7 20.Bxh6 Bf6 21.Bf4 Rd8 22.Na2
Be7 23.Nc4 Qxa4 24.Nb6 Qb3 25.Nc1 {#r} 1-0

[Event "It (open)"]
[Site "masterchessopen.com Tatranske Zruby (Slovakia)"]
[Date "2011.09.25"]
[Round "1"]
[White "Berezjuk Sergej (CZE)"]
[Black "Burdik Lubomir (CZE)"]
[Result "1-0"]
[WhiteElo "2378"]
[BlackElo "2208"]

1.d4 d5 2.c4 dxc4 3.e3 Nf6 4.Bxc4 e6 5.Nf3 c5 6.O-O a6 7.dxc5 Qxd1 8.Rxd1 Bxc5
9.Be2 Nc6 10.Nc3 Bd7 11.b3 b5 12.Bb2 Rc8 13.Ng5 Ke7 14.Nce4 Bb6 15.Nxf6 gxf6
16.Nxf7 Rhg8 17.Nd6 Rc7 18.a4 Na5 19.Ba3 Nxb3 20.Nxb5+ Kd8 21.Nxc7 Nxa1
22.Nxe6+ Ke8 23.Bh5+ {#r} 1-0

[Event "It (open)"]
[Site "masterchessopen.com Pavlodar (Kazakhstan)"]
[Date "2011.12.04"]
[Round "6"]
[White "Karmenov Zhanibek (KAZ)"]
[Black "Esimov S (KAZ)"]
[Result "1-0"]
[WhiteElo "2274"]
[BlackElo "2065"]

1.d4 d5 2.c4 dxc4 3.Nf3 e6 4.e3 Nf6 5.Bxc4 c5 6.O-O a6 7.a4 Nc6 8.Qe2 cxd4
9.Rd1 Be7 10.exd4 O-O 11.Nc3 Nb4 12.Bg5 Nbd5 13.Ne5 Nxc3 14.bxc3 Nd5 15.Bd2
Bg5 16.Be1 Bd7 17.g3 Rc8 18.f4 Bf6 19.Rdc1 Bxe5 20.fxe5 f5 21.Bd3 Bc6 22.c4
Ne7 23.Bf2 Qe8 24.a5 Rd8 25.Rf1 Qg6 26.Be3 Kh8 {#r} 1-0

[Event "Tournament (open)"]
[Site "masterchessopen.com Oeffingen (Germany)"]
[Date "2012.05.27"]
[Round "3"]
[White "Schnepp Gunnar (AUT)"]
[Black "Meschke Alexander"]
[Result "1-0"]
[WhiteElo "2244"]
[BlackElo "2049"]

1.d4 d5 2.Nf3 Nf6 3.c4 dxc4 4.e3 e6 5.Bxc4 c5 6.O-O a6 7.Bb3 b6 8.e4 Bb7 9.e5
Nfd7 10.d5 exd5 11.Bxd5 Bxd5 12.Qxd5 Ra7 13.Ng5 Qe7 14.Re1 Nf6 15.Qd2 Ng4
16.e6 f6 17.Nf7 Rg8 18.Qf4 Ne5 19.Nxe5 fxe5 20.Qxe5 Nc6 21.Qe4 Nd4 22.Qxh7 Qd6
23.Bg5 Ne2+ 24.Kf1 Ng3+ 25.hxg3 Qd3+ 26.Qxd3 {#r} 1-0

[Event "Ch RDYSH"]
[Site "masterchessopen.com Ufa (Russia)"]
[Date "2012.06.16"]
[Round "8"]
[White "Vildanov Ruslan (RUS)"]
[Black "Iskhakov Artur (RUS)"]
[Result "1-0"]
[WhiteElo "1935"]
[BlackElo "1887"]

1.d4 d5 2.c4 dxc4 3.Nf3 Nf6 4.e3 e6 5.Bxc4 c5 6.O-O a6 7.a4 Nc6 8.Qe2 cxd4
9.Rd1 Be7 10.exd4 O-O 11.Nc3 Nb4 12.Bg5 Bd7 13.d5 Nbxd5 14.Nxd5 exd5 15.Bxd5
Nxd5 16.Rxd5 Re8 17.Qd3 Bxg5 18.Nxg5 g6 19.Nxf7 Qe7 20.Rxd7 {#r} 1-0

[Event "Cup Central Asia"]
[Site "masterchessopen.com Bishkek (Kyrgyzstan)"]
[Date "2012.06.17"]
[Round "6"]
[White "Barsov Alexei (UZB)"]
[Black "Egin Vladimir (UZB)"]
[Result "1-0"]
[WhiteElo "2538"]
[BlackElo "2418"]

1.d4 d5 2.c4 dxc4 3.Nf3 Nf6 4.e3 e6 5.Bxc4 c5 6.O-O a6 7.Bd3 cxd4 8.exd4 Nc6
9.Nc3 Be7 10.Bg5 O-O 11.Rc1 Nd5 12.Be3 Ncb4 13.Bb1 b6 14.a3 Nxe3 15.fxe3 Nd5
16.Ne5 Bg5 17.Nxd5 exd5 18.Rc3 Be6 19.Nc6 Qe8 20.Qh5 Bh6 21.Rf6 Rc8 22.Rxh6
gxh6 23.Qxh6 f5 24.e4 fxe4 25.Qg5+ Kh8 26.Qe5+ Kg8 {#r} 1-0

[Event "It (open)"]
[Site "masterchessopen.com Balaguer (Spain)"]
[Date "2012.07.20"]
[Round "5"]
[White "Campos Moreno Javier B (CHI)"]
[Black "Ivanov Jordan (BUL)"]
[Result "0-1"]
[WhiteElo "2488"]
[BlackElo "2367"]

1.d4 d5 2.c4 dxc4 3.Nf3 Nf6 4.e3 e6 5.Bxc4 c5 6.O-O a6 7.Bb3 Nc6 8.Nc3 b5 9.d5
exd5 10.a4 Nb4 11.axb5 Bd6 12.e4 dxe4 13.Bg5 exf3 14.Re1+ Kf8 15.Qxf3 Ra7
16.Rad1 Rd7 17.bxa6 Bxa6 18.Ba4 Bb7 19.Qh3 Re7 20.Bxf6 gxf6 21.Qh6+ Kg8 22.Nb5
Rxe1+ 23.Rxe1 Be5 24.Re3 Qd5 25.Qh3 h5 26.Nc3 Qe6 {#R} 0-1

[Event "It (open) \"]
[Site "masterchessopen.com Athens (Greece)"]
[Date "2012.07.30"]
[Round "1"]
[White "Panagiotopoulos Ioannis"]
[Black "Koliopoulos Konstantinos (GRE)"]
[Result "0-1"]
[WhiteElo "1693"]
[BlackElo "2243"]

1.d4 d5 2.c4 dxc4 3.Nf3 Nf6 4.e3 e6 5.Bxc4 c5 6.O-O a6 7.b3 b5 8.Be2 Bb7 9.Bb2
Nbd7 10.Nbd2 Be7 11.dxc5 Nxc5 12.Ne5 O-O 13.Ndf3 h6 14.Rc1 Qa5 15.a3 Rfd8
16.Nd4 Qc7 17.Nd3 Qb6 18.Qc2 Be4 19.Rfd1 e5 20.Nf3 Bxd3 21.Bxd3 e4 {#R} 0-1

[Event "Ch Brasiliense"]
[Site "masterchessopen.com Brasilia (Brazil)"]
[Date "2012.08.25"]
[Round "8"]
[White "Lebredo Gerardo (CUB)"]
[Black "Campos Westerley Batista (BRA)"]
[Result "1-0"]
[WhiteElo "2203"]
[BlackElo "1715"]

1.d4 d5 2.c4 dxc4 3.Nf3 Nf6 4.e3 e6 5.Bxc4 c5 6.O-O a6 7.a4 Nc6 8.Qe2 cxd4
9.Rd1 Qc7 10.exd4 Be7 11.Nc3 O-O 12.Bg5 Nb4 13.Rac1 Bd7 14.d5 Nbxd5 15.Bxd5
Qa5 16.Bxb7 {#r} 1-0

[Event "Ch Russia (students)"]
[Site "masterchessopen.com Uljanovsk (Russia)"]
[Date "2012.09.24"]
[Round "8"]
[White "Matinian Nikita (RUS)"]
[Black "Lyanguzov Oleg (RUS)"]
[Result "1-0"]
[WhiteElo "2439"]
[BlackElo "2318"]

1.d4 d5 2.c4 dxc4 3.Nf3 Nf6 4.e3 e6 5.Bxc4 c5 6.O-O a6 7.a4 Nc6 8.Qe2 cxd4
9.Rd1 Be7 10.exd4 O-O 11.Nc3 Nb4 12.Ne5 Nbd5 13.Bg5 Qd6 14.Qf3 Rd8 15.Ne4 Qb6
16.a5 Qxb2 17.Ra2 Qb4 18.Bd2 {#r} 1-0